000
00338 a2200145 4500
020
_a
978-7-119-13562-5
040
_a
ISPLB
082
_b
32
100
_9
1011
_a
XI,Jinping
245
_a
A Governança da China IV
260
_a
China ,
_b
Ediȯes em Linguas Estrangeiras
_c
2023.
300
_a
721p
650
_a
Politica
942
_c
Livros
999
_c
2188
_d
2188